00876nam a2200301Ia 4500008004100000020001900041100002100060245002200081245004500103245002400148260001500172260002000187260000900207300001600216300001900232300001100251650003100262650002600293650003900319650002700358650002100385650001500406650001500421650002000436700000800456999001900464952009100483160803s9999 xx 000 0 und d a978-0545669115 aDenenberg, Barry aNelson Mandela :  bno easy walk to freedom : a biography /  cby Barry Denenberg. aNew York : bScholastic Inc. c2005 a164 pages : billustration : c20 cm. aBlacks -- South Africa --  aCivil rights workers. aHeads of state -- South Africa --  aMandela, Nelson, 1918- aSouth Africa --  xBiography. xBiography. xRace relations. a950 c298685d298685 001040aSSISBbSSISBcLEXd2016-08-03l0pSC-611r2016-08-03 00:00:00w2016-08-03yBK